000 00365nam a2200169Ia 4500
008 230605s2002 xx 000 0 und d
041 _aeng
082 _a839.82
100 _aFuller/Currie
245 _aThe Waiter
260 _bSterling Book Hos.Pub
_c2002
300 _a214
365 _b160
_h20
500 _a320
520 _aGeneral
650 _aF. B.
999 _c417833
_d417833